000 00736nam a2200289Ia 4500
005 20260324112305.0
008 008 260324s9999 xx 000 0 eng d
020 _a9781003016403
037 _aEBOOK
040 _aCRL
040 _beng
040 _cCRL
041 _2eng
041 _aeng
084 _qCRL
100 _aLee Rothfarb; Christoph Landerer; Alexander Wilfing
_91142081
245 4 _aThe Aesthetic Legacy of Eduard Hanslick
245 0 _bClose Readings and Critical Perspectives
260 _bTaylor and Francis
260 _c2024
365 _a
365 _b220
856 _uhttp://www.taylorfrancis.com/books/9781003016403
942 _cEBOOK
999 _c1731231
_d1731231